00486nam a2200193 a 4500001001300000003000900013005001700022008004100039020001000080082001600090100001500106245001900121260003100140300000800171500003500179505002800214650003500242700001500277nice12345678IN_TiNIC20260116011416.0050524s1852 teha grp 000 0 per  ac10000a891.51bAGH aAgha, Khan aBarahinul Ajam aTehranbNo Publisherc1852 a00p aincludes index and biblioraphy2 afour parts in two vols. aPersian Poetry-Hairat Badayuni1 aAgha, Khan